000 01411nab a22002657a 4500
999 _c5697
_d5697
003 OSt
005 20251229113110.0
008 190429b xxu||||| |||| 00| 0 spa d
040 _cPJ
100 _96632
_aPeralta, Nazareno
245 1 3 _aEl derecho a la certidumbre :
_buna garantía pendiente del proceso penal argentino. Reflexiones sobre la espera indefinida entre la elevación a juicio y el debate oral /
_cNazareno Peralta
260 _cCiudad Autónoma de Buenos Aires :
_aThomson Reuters La Ley,
_b2025.
300 _ap. 96-102
500 _aCita: TR LALEY AR/DOC/2190/2025.
505 _aSumario: I. Introducción.— II. La incertidumbre como forma de castigo no declarado.— III. Impacto subjetivo y existencial de la incertidumbre.— IV. El juicio abreviado y el valor de la certeza.— V. Propuestas para la garantía del derecho a la certidumbre.— VI. Por todo ello.
505 _tSi te interesa el texto completo, solicitalo a koha@justierradelfuego.gov.ar
650 0 _9343
_aDERECHO PENAL
650 0 _92348
_aPROCESO PENAL
650 0 _93637
_aTUTELA JUDICIAL EFECTIVA
650 0 _92782
_aPRISIÓN PREVENTIVA
650 0 _93088
_aJUICIO ABREVIADO
650 0 _93074
_aPRESUNCIÓN DE INOCENCIA
773 0 _02658
_93164
_tRevista de derecho penal y criminología. Nº 8 - Octubre 2025
_dCiudad Autónoma de Buenos Aires : Thomson Reuters La Ley, 2017-
_x00347914
942 _2udc
_cANA